Internet and java / (Record no. 37755)

MARC details
000 -LEADER
fixed length control field 00669nam a22001937a 4500
005 - DATE AND TIME OF LATEST TRANSACTION
control field 20100726144838.0
010 ## - LCCN (DPL NO)
LC control number ENG-96854
020 ## - INTERNATIONAL STANDARD BOOK NUMBER
International Standard Book Number 9789380024790
Terms of availability 110.00
035 ## - SYSTEM CONTROL NUMBER
System control number EN-80387
037 ## - SOURCE OF ACQUISITION
Source of stock number/acquisition DBAD/PUB
082 ## - DEWEY DECIMAL CLASSIFICATION NUMBER
Classification number 005.2762
100 ## - MAIN ENTRY--PERSONAL NAME
Personal name Kumar, S
245 ## - TITLE STATEMENT
Title Internet and java /
Statement of responsibility, etc by S. Kumar
260 ## - PUBLICATION, DISTRIBUTION, ETC. (IMPRINT)
Place of publication, distribution, etc Erode
Name of publisher, distributor, etc Pallavipathippagam South India
Date of publication, distribution, etc 2009
270 ## - ADDRESS
Address 194, Kanna Complex, Merrur Road, Erode-11
City Erode
300 ## - PHYSICAL DESCRIPTION
Extent 174p.
Dimensions 21cm (pbk)
942 ## - ADDED ENTRY ELEMENTS (KOHA)
Source of classification or shelving scheme Dewey Decimal Classification
Item type English Books
Classification part 005.2762
Call number suffix KUM
Holdings
Withdrawn status Lost status Not for loan Collection code Home library Current library Date acquired Source of acquisition Cost, normal purchase price Full call number Barcode Copy number Cost, replacement price Koha item type
    Not For Loan Non-fiction D.B.Act.Division D.B.Act.Division 26/07/2010 DBAD/PUB 110.00 005.2762 KUM EN-80387 1 110.00 English Books

© Delhi Public Library
Hit Counter
free hit counter